000 00808nam a2200205Ia 4500
999 _c42513
_d42513
003 GCL
005 20240530103805.0
008 140319s1971 le 001 0 ara d
040 _aGCL /
_cGCL
082 0 4 _a920.71/
_bم أ
100 1 _aمردم، خليل
245 1 0 _aاعيان القرن الثالث عشر فى الفكر والسياسة والاجتماع /
_cتاليف خليل مردم ؛ قدم له وعلق حواشية عدنان مردم
250 _aط.1
260 _aبيروت :
_bلجنة التراث العربى،
_c1971.
300 _a328 ص. ؛
_e24 سم.
650 0 7 _2qrmak
_aالرجال
_vتراجم
_yالقرن الثالث عشر
650 0 7 _2qrmak
_aعلماء الاجتماع
_vتراجم
700 1 _aمردم، عدنان
_eمقدم ومعلق
942 _2ddc
_cBK